[Event "Monarch Assurance Isle of Man 16th"]
[Site "Port Erin"]
[Date "2007.09.30"]
[Round "9.17"]
[White "Adly, Ahmed"]
[Black "Cox, John J"]
[Result "1-0"]
[WhiteElo "2488"]
[BlackElo "2381"]
[PlyCount "177"]
[EventDate "2007.09.22"]
[EventType "swiss"]
[EventRounds "9"]
[EventCountry "IOM"]

1. Nf3 Nf6 2. g3 d5 3. Bg2 Bf5 4. c4 e6 5. Qb3 Na6 6. d4 c6 7. O-O Qc8 8. Nc3
h6 9. Bf4 Be7 10. Nd2 Nh5 11. Be3 Nf6 12. Rac1 Qd7 13. Nf3 Bd6 14. Ne5 Qe7 15.
Qa4 Nc5 16. dxc5 Bxe5 17. cxd5 exd5 18. Nxd5 Nxd5 19. Bxd5 O-O 20. Be4 Bh3 21.
Rfd1 Bxb2 22. Rb1 Bf6 23. Bf4 Rfe8 24. Bf3 Be5 25. Bxe5 Qxe5 26. Rxb7 Qxc5 27.
Qf4 Be6 28. Rc1 Qg5 29. a3 Qxf4 30. gxf4 Bh3 31. Rb3 Be6 32. Re3 Bd5 33. Bxd5
cxd5 34. Rd1 Rxe3 35. fxe3 Rc8 36. Rxd5 Rc3 37. Rd3 Rc2 38. Kf2 Ra2 39. e4 g6
40. e5 Kf8 41. Kf3 Ke7 42. Rc3 a5 43. h3 h5 44. Ke3 Ke6 45. h4 Ra1 46. Ke4 Rh1
47. Rc6+ Kd7 48. Ra6 Rxh4 49. Rxa5 Rh1 50. Ra7+ Ke6 51. Ra6+ Ke7 52. Ra7+ Ke6
53. Ra8 Rf1 54. Rd8 Rf2 55. e3 h4 56. Re8+ Kd7 57. Rh8 Ra2 58. Rxh4 Rxa3 59.
Rh8 Ra4+ 60. Kf3 Ra3 61. Rb8 Ke7 62. Rc8 Kd7 63. Rc4 Ke7 64. Ke4 Kd7 65. Kd4
Rb3 66. Ra4 Ke7 67. Rc4 Ra3 68. Rc3 Ra1 69. Kd5 Rd1+ 70. Ke4 Ke6 71. Rc6+ Ke7
72. Kf3 Rd3 73. Ra6 Rb3 74. Rd6 Ra3 75. Ke4 Rb3 76. Rd3 Rb5 77. Kf3 Ke6 78. Kg4
Rb1 79. Kg5 Rh1 80. Rd6+ Ke7 81. e4 Rg1+ 82. Kh6 Rf1 83. Rf6 g5 84. Kxg5 Re1
85. Kf5 Re2 86. Ra6 Re1 87. Ra7+ Ke8 88. Kf6 Rxe4 89. f5 1-0

[Event "Monarch Assurance Isle of Man 16th"]
[Site "Port Erin"]
[Date "2007.09.30"]
[Round "9.18"]
[White "Haslinger, Stewart"]
[Black "Dworakowska, Joanna"]
[Result "0-1"]
[WhiteElo "2468"]
[BlackElo "2320"]
[PlyCount "76"]
[EventDate "2007.09.22"]
[EventType "swiss"]
[EventRounds "9"]
[EventCountry "IOM"]

1. e4 c5 2. Nf3 d6 3. d4 cxd4 4. Nxd4 Nf6 5. Nc3 a6 6. Be2 e5 7. Nb3 Be7 8. Bg5
Be6 9. Qd2 Nbd7 10. f4 b5 11. f5 Bc4 12. a4 O-O 13. O-O Bxb3 14. axb5 d5 15.
exd5 Bxd5 16. Nxd5 Nxd5 17. Bxe7 Nxe7 18. bxa6 Qb6+ 19. Kh1 Nf6 20. b4 Rfd8 21.
Qe1 Nc6 22. c3 e4 23. Qg3 Rd2 24. Rfe1 Rd5 25. c4 Rxf5 26. Qd6 Rxa6 27. b5 Rxa1
28. Rxa1 h5 29. bxc6 Rc5 30. Ra8+ Kh7 31. h3 Rxc6 32. Qf8 Rc7 33. Rc8 Rxc8 34.
Qxc8 Qf2 35. c5 Qxe2 36. Qf5+ Kh6 37. c6 Qd1+ 38. Kh2 Qd6+ 0-1

[Event "Monarch Assurance Isle of Man 16th"]
[Site "Port Erin"]
[Date "2007.09.30"]
[Round "9.20"]
[White "Ashton, Adam"]
[Black "Smerdon, David"]
[Result "1/2-1/2"]
[WhiteElo "2295"]
[BlackElo "2461"]
[PlyCount "38"]
[EventDate "2007.09.22"]
[EventType "swiss"]
[EventRounds "9"]
[EventCountry "IOM"]

1. e4 d5 2. exd5 Nf6 3. Be2 Qxd5 4. Nf3 Bg4 5. d4 Nc6 6. h3 Bxf3 7. Bxf3 Qd7 8.
c3 e5 9. d5 Ne7 10. c4 e4 11. Be2 Nf5 12. g4 Bb4+ 13. Nc3 Nh4 14. Bg5 Ng6 15.
Qb3 Qe7 16. O-O-O O-O 17. h4 Bd6 18. Nb5 Bf4+ 19. Kb1 Qe5 1/2-1/2

[Event "Monarch Assurance Isle of Man 16th"]
[Site "Port Erin"]
[Date "2007.09.30"]
[Round "9.21"]
[White "Weisbuch, Udi"]
[Black "Collins, Sam IRL"]
[Result "0-1"]
[WhiteElo "2284"]
[BlackElo "2405"]
[PlyCount "52"]
[EventDate "2007.09.22"]
[EventType "swiss"]
[EventRounds "9"]
[EventCountry "IOM"]

1. e4 e5 2. Nf3 Nc6 3. Bc4 Bc5 4. c3 Nf6 5. d3 d6 6. Bb3 a6 7. Nbd2 Ba7 8. Nc4
Ne7 9. Be3 b5 10. Ncd2 Ng6 11. d4 O-O 12. a4 exd4 13. cxd4 Bb7 14. axb5 axb5
15. Qe2 Qe8 16. Ra5 Nxe4 17. O-O Nxd2 18. Nxd2 Bxg2 19. Kxg2 Nf4+ 20. Bxf4 Qxe2
21. Bd5 Qg4+ 22. Bg3 Rad8 23. Nf3 Bb6 24. Rxb5 h6 25. h3 Qg6 26. Kh2 Qd3 0-1

[Event "Monarch Assurance Isle of Man 16th"]
[Site "Port Erin"]
[Date "2007.09.30"]
[Round "9.22"]
[White "Mueller, Matthias"]
[Black "Ly, Moulthun"]
[Result "1-0"]
[WhiteElo "2405"]
[BlackElo "2295"]
[PlyCount "183"]
[EventDate "2007.09.22"]
[EventType "swiss"]
[EventRounds "9"]
[EventCountry "IOM"]

1. e4 e6 2. d4 d5 3. Nc3 Nf6 4. e5 Nfd7 5. f4 c5 6. Nf3 Nc6 7. Be3 cxd4 8. Nxd4
Bc5 9. Qd2 O-O 10. O-O-O a6 11. Kb1 Nxd4 12. Bxd4 b5 13. Qe3 Qc7 14. Bd3 Bxd4
15. Qxd4 Bb7 16. Rhe1 Qc5 17. Ne2 b4 18. f5 a5 19. fxe6 fxe6 20. Qh4 g6 21. Nd4
Rae8 22. Qg4 Qe7 23. Bb5 Rf7 24. Rc1 Bc8 25. c4 bxc3 26. Rxc3 Rf2 27. Qxe6+
Qxe6 28. Nxe6 Rxe6 29. Rxc8+ Nf8 30. Bc6 Rd2 31. Rf1 Kg7 32. Rc7+ Kg8 33. Rc8
Kg7 34. Bb5 Rb6 35. a4 Ne6 36. Rf6 Rd1+ 37. Rc1 Rd4 38. Re1 Rd2 39. Re2 Rd1+
40. Kc2 Rh1 41. Rd2 Re1 42. Rxd5 Rxe5 43. Rxg6+ hxg6 44. Rxe5 Kf6 45. Rd5 Nc7
46. Rc5 Ne6 47. Rc4 Ke5 48. Kc3 Rd6 49. b4 axb4+ 50. Rxb4 Rd1 51. Rb2 Nd4 52.
Kb4 Rc1 53. Bd3 g5 54. Rb1 Nc6+ 55. Kb5 Nd4+ 56. Kb6 Rc3 57. Bf1 Rc6+ 58. Kb7
Rc5 59. Rb2 Kd6 60. Bb5 Rc7+ 61. Kb6 Rc8 62. Rd2 Kd5 63. Kb7 Rh8 64. h3 Rh7+
65. Kc8 Kc5 66. Rf2 Rg7 67. Rf6 Nb3 68. Kd8 Nd2 69. Bd3 Kd4 70. Rd6+ Ke5 71.
Rg6 Ra7 72. Rxg5+ Kf6 73. Rg6+ Ke5 74. a5 Nb3 75. a6 Nc5 76. Bc4 Rd7+ 77. Kc8
Rh7 78. Bb5 Nb3 79. Bc4 Nc5 80. Rc6 Kd4 81. Be2 Re7 82. Bf3 Kc4 83. Rb6 Re8+
84. Kc7 Re7+ 85. Kd8 Rd7+ 86. Ke8 Rh7 87. Bb7 Kd4 88. a7 Rh8+ 89. Kf7 Nxb7 90.
Rxb7 Kc5 91. Kg7 Ra8 92. h4 1-0

[Event "Monarch Assurance Isle of Man 16th"]
[Site "Port Erin"]
[Date "2007.09.30"]
[Round "9.23"]
[White "Troyke, Christian"]
[Black "Bannink, Bernard"]
[Result "1-0"]
[WhiteElo "2386"]
[BlackElo "2271"]
[PlyCount "155"]
[EventDate "2007.09.22"]
[EventType "swiss"]
[EventRounds "9"]
[EventCountry "IOM"]

1. g3 d5 2. Bg2 Nf6 3. Nf3 e6 4. c4 Be7 5. O-O O-O 6. b3 b6 7. Bb2 Bb7 8. e3
Nbd7 9. Qe2 c5 10. Nc3 dxc4 11. bxc4 Ne4 12. Nb5 a6 13. Na3 Bf6 14. d3 Bxb2 15.
Qxb2 Qf6 16. Qxf6 Nexf6 17. Rfb1 Rab8 18. Rb3 Rfd8 19. Rab1 Kf8 20. Ne1 Bxg2
21. Kxg2 Ke7 22. Kf1 Kd6 23. Ke2 Kc7 24. Rc1 Ng8 25. Nb1 Ne7 26. Nc3 Nc6 27.
Rcb1 h6 28. Na4 Rb7 29. Nc2 Rdb8 30. Nc3 Rd8 31. Ra3 Na5 32. Ne4 Ne5 33. Nd2
Nec6 34. Rc3 Rbb8 35. Rb2 Rd7 36. Ne1 Rbd8 37. a3 Ne5 38. Ndf3 Nxf3 39. Nxf3
Nc6 40. Rcb3 Rb8 41. Rb1 Na5 42. R3b2 Nc6 43. Ne1 Ne5 44. f4 Nc6 45. Nf3 f6 46.
Nd2 Rdd8 47. Ne4 Rd7 48. Nc3 Rbd8 49. Rxb6 Rxd3 50. Ne4 Rxa3 51. Nxc5 Ra2+ 52.
R1b2 Rxb2+ 53. Rxb2 Rd6 54. Nxa6+ Kd8 55. Nc5 Ke8 56. Rd2 Ke7 57. Ne4 Rxd2+ 58.
Kxd2 f5 59. Nc5 Kd6 60. Nd3 g5 61. Kc3 g4 62. Nc1 Kc5 63. Nb3+ Kd6 64. Nd2 h5
65. Nb3 e5 66. Nc1 Ne7 67. Nd3 exf4 68. exf4 Ng6 69. Kd4 h4 70. Ne5 hxg3 71.
hxg3 Ne7 72. c5+ Ke6 73. Kc4 Nd5 74. Kb5 Nc3+ 75. Kb6 Ne4 76. c6 Nd6 77. c7 Kd5
78. Nf7 1-0

[Event "Monarch Assurance Isle of Man 16th"]
[Site "Port Erin"]
[Date "2007.09.30"]
[Round "9.24"]
[White "Taylor, Peter P"]
[Black "Kolbus, Dietmar"]
[Result "1/2-1/2"]
[WhiteElo "2209"]
[BlackElo "2384"]
[PlyCount "72"]
[EventDate "2007.09.22"]
[EventType "swiss"]
[EventRounds "9"]
[EventCountry "IOM"]

1. Nf3 Nf6 2. c4 e6 3. Nc3 d5 4. d4 c6 5. Bg5 Nbd7 6. cxd5 exd5 7. e3 Be7 8.
Qc2 Nf8 9. Bd3 Be6 10. O-O N8d7 11. Rab1 a5 12. a3 h6 13. Bh4 O-O 14. b4 axb4
15. axb4 b5 16. Ne2 Ra6 17. Ra1 Qa8 18. Rxa6 Qxa6 19. Ne5 Nb8 20. Nf4 Qc8 21.
Rc1 Bd7 22. Nh5 Qd8 23. Nxf6+ Bxf6 24. Nxd7 Qxd7 25. Bxf6 gxf6 {(=)} 26. Ra1
Qe7 27. Qc5 Qe6 28. Bb1 Kg7 29. Qc2 Rh8 30. Ra8 Qd6 31. Qf5 h5 32. Qf3 Qxb4 33.
Qg3+ Kh6 34. Qf4+ Kg7 35. Qg3+ Kh6 36. Qf4+ Kg7 1/2-1/2

[Event "Monarch Assurance Isle of Man 16th"]
[Site "Port Erin"]
[Date "2007.09.30"]
[Round "9.25"]
[White "Bentley, John L"]
[Black "Welling, Gerard"]
[Result "0-1"]
[WhiteElo "2242"]
[BlackElo "2364"]
[PlyCount "94"]
[EventDate "2007.09.22"]
[EventType "swiss"]
[EventRounds "9"]
[EventCountry "IOM"]

1. e4 c5 2. Nf3 g6 3. d4 Bg7 4. Nc3 Qa5 5. Be3 Nf6 6. Qd2 Nc6 7. Nb5 Qxd2+ 8.
Nxd2 cxd4 9. Nxd4 Ng4 10. c3 Nxe3 11. fxe3 O-O 12. N2f3 b6 13. Nxc6 dxc6 14.
Rd1 c5 15. Bc4 e6 16. Ke2 Bb7 17. e5 Rfd8 18. Rxd8+ Rxd8 19. Rd1 Rxd1 20. Kxd1
h6 21. Ke2 Kf8 22. h3 Ke7 23. Bd3 Bc6 24. g4 Kd7 25. e4 Kc7 26. h4 b5 27. Ke3
Kb6 28. Kd2 a5 29. g5 h5 30. a3 c4 31. Bc2 Bf8 32. Kd1 b4 33. axb4 axb4 34. Kd2
b3 35. Bb1 Bc5 36. Ke2 Ka5 37. Nd2 Bb5 38. Nf3 Ka4 39. Nd2 Ba6 40. Kf3 Bg1 41.
Nf1 Bb5 42. Ne3 Bh2 43. Nd1 Bxe5 44. Ne3 Ka5 45. Nf1 Kb6 46. Ng3 Bxg3 47. Kxg3
e5 0-1

[Event "Monarch Assurance Isle of Man 16th"]
[Site "Port Erin"]
[Date "2007.09.30"]
[Round "9.26"]
[White "Walton, Alan J"]
[Black "Shachar, Ehud"]
[Result "0-1"]
[WhiteElo "2223"]
[BlackElo "2353"]
[PlyCount "52"]
[EventDate "2007.09.22"]
[EventType "swiss"]
[EventRounds "9"]
[EventCountry "IOM"]

1. d4 e6 2. e4 d5 3. e5 c5 4. c3 Nc6 5. Nf3 Qb6 6. a3 a5 7. Bd3 Bd7 8. O-O cxd4
9. cxd4 h5 10. Nc3 Nh6 11. Be3 Be7 12. h3 g6 13. Rc1 Nf5 14. Qd2 h4 15. Na4 Qa7
16. Nc5 Rc8 17. b4 axb4 18. axb4 Qb6 19. Rb1 Na7 20. Bg5 Rh5 21. Bxe7 Kxe7 22.
Nh2 Bb5 23. Ng4 Nxd4 24. Qf4 Bxd3 25. Qf6+ Ke8 26. Qg7 Nf5 0-1

[Event "Monarch Assurance Isle of Man 16th"]
[Site "Port Erin"]
[Date "2007.09.30"]
[Round "9.27"]
[White "Zozulia, Anna"]
[Black "Collier, David"]
[Result "1-0"]
[WhiteElo "2332"]
[BlackElo "2131"]
[PlyCount "77"]
[EventDate "2007.09.22"]
[EventType "swiss"]
[EventRounds "9"]
[EventCountry "IOM"]

1. e4 c5 2. Nf3 d6 3. d4 cxd4 4. Nxd4 Nf6 5. Nc3 a6 6. h3 e5 7. Nde2 Be7 8. g4
Be6 9. Bg2 b5 10. Ng3 g6 11. f4 Ng8 12. O-O Nc6 13. f5 Bc4 14. Nce2 Bh4 15. b3
Bxe2 16. Nxe2 g5 17. Be3 h5 18. gxh5 Nf6 19. Bf3 g4 20. hxg4 Rg8 21. h6 Rxg4+
22. Kh1 Bg5 23. Bxg5 Rxg5 24. Rg1 Nh7 25. Qd5 Kd7 26. Qxf7+ Qe7 27. Qg7 Rf8 28.
Rxg5 Nxg5 29. f6 Rxf6 30. Qxg5 Kc7 31. Rf1 Rf7 32. Qxe7+ Nxe7 33. Kg2 Ng6 34.
Rh1 Rh7 35. Kf2 Kd7 36. Bg4+ Ke7 37. Bf5 Kf6 38. Nc3 Kg5 39. Rg1+ 1-0

[Event "Monarch Assurance Isle of Man 16th"]
[Site "Port Erin"]
[Date "2007.09.30"]
[Round "9.28"]
[White "Mannion, Stephen R"]
[Black "Goodger, Martyn"]
[Result "1-0"]
[WhiteElo "2359"]
[BlackElo "2093"]
[PlyCount "75"]
[EventDate "2007.09.22"]
[EventType "swiss"]
[EventRounds "9"]
[EventCountry "IOM"]

1. e4 e5 2. Nf3 Nf6 3. d4 Nxe4 4. Bd3 d5 5. Nxe5 Nd7 6. Nxd7 Bxd7 7. O-O Qh4 8.
c4 O-O-O 9. c5 g5 10. Nc3 Nf6 11. Qf3 Bg7 12. g3 Qh3 13. Bxg5 Bg4 14. Qg2 Qh5
15. h4 Bf3 16. Qh3+ Bg4 17. Bf5+ Bxf5 18. Qxf5+ Kb8 19. f3 Rde8 20. Rfe1 Qg6
21. Qxg6 hxg6 22. Kg2 Nd7 23. Bf4 Bxd4 24. Nxd5 Be5 25. Bxe5 Rxe5 26. Rxe5 Nxe5
27. Re1 Nd3 28. Re7 Nxb2 29. Rxf7 Nd3 30. Nf4 Nxf4+ 31. Rxf4 Kc8 32. Rf6 Rh5
33. Rxg6 Rxc5 34. g4 Kd7 35. h5 Re5 36. h6 Re8 37. h7 Rh8 38. Rg7+ 1-0

[Event "Monarch Assurance Isle of Man 16th"]
[Site "Port Erin"]
[Date "2007.09.30"]
[Round "9.29"]
[White "Nelson, Jonathan P"]
[Black "Prosviriakov, Vladimir"]
[Result "1/2-1/2"]
[WhiteElo "2282"]
[BlackElo "2319"]
[PlyCount "74"]
[EventDate "2007.09.22"]
[EventType "swiss"]
[EventRounds "9"]
[EventCountry "IOM"]

1. c4 e5 2. g3 Nf6 3. Bg2 d5 4. cxd5 Nxd5 5. Nc3 Nb6 6. Nf3 Nc6 7. O-O Be7 8.
d3 O-O 9. a3 a5 10. Be3 Re8 11. Rc1 Bf8 12. Na4 Nxa4 13. Qxa4 Be6 14. Qb5 Bd5
15. Ne1 Bxg2 16. Nxg2 Qc8 17. Rfd1 a4 18. Qc4 g6 19. d4 exd4 20. Bxd4 Re4 21.
e3 Nxd4 22. Rxd4 Rxd4 23. Qxd4 Bg7 24. Qd2 c6 25. Nf4 Qe8 26. Rc4 b5 27. Rc1
Rd8 28. Qc2 Rd6 29. b3 axb3 30. Qxb3 Rd2 31. a4 Rb2 32. Qd1 h5 33. axb5 cxb5
34. Nd3 Ra2 35. Nb4 Ra8 36. Qd5 Rd8 37. Qf3 Qe6 1/2-1/2

[Event "Monarch Assurance Isle of Man 16th"]
[Site "Port Erin"]
[Date "2007.09.30"]
[Round "9.31"]
[White "Noordhoek, Henk"]
[Black "Adams, Phil"]
[Result "1/2-1/2"]
[WhiteElo "2102"]
[BlackElo "2144"]
[PlyCount "24"]
[EventDate "2007.09.22"]
[EventType "swiss"]
[EventRounds "9"]
[EventCountry "IOM"]

1. Nf3 c5 2. g3 Nc6 3. d4 cxd4 4. Nxd4 g6 5. Bg2 Bg7 6. c3 Nf6 7. O-O O-O 8.
Na3 d5 9. Bg5 Nxd4 10. Qxd4 Ne4 11. Qe3 Nxg5 12. Qxg5 e6 1/2-1/2

[Event "Monarch Assurance Isle of Man 16th"]
[Site "Port Erin"]
[Date "2007.09.30"]
[Round "9.32"]
[White "Allen, Keith"]
[Black "Tate, Alan"]
[Result "1/2-1/2"]
[WhiteElo "2222"]
[BlackElo "2053"]
[PlyCount "41"]
[EventDate "2007.09.22"]
[EventType "swiss"]
[EventRounds "9"]
[EventCountry "IOM"]

1. d4 Nf6 2. c4 e6 3. Nc3 d5 4. cxd5 exd5 5. Bg5 Bb4 6. Qb3 Nc6 7. e3 Be6 8.
Bb5 Qd6 9. Nf3 Nh5 10. Ne5 f6 11. Nxc6 bxc6 12. Be2 fxg5 13. Bxh5+ g6 14. Be2
O-O 15. a3 Ba5 16. Qc2 Bf5 17. Qd2 Bxc3 18. Qxc3 a5 19. O-O Rfb8 20. Rfc1 Rb6
21. Bd1 1/2-1/2

[Event "Monarch Assurance Isle of Man 16th"]
[Site "Port Erin"]
[Date "2007.09.30"]
[Round "9.33"]
[White "Fox, Anthony"]
[Black "Phillips, Roy"]
[Result "1/2-1/2"]
[WhiteElo "2084"]
[BlackElo "2271"]
[PlyCount "63"]
[EventDate "2007.09.22"]
[EventType "swiss"]
[EventRounds "9"]
[EventCountry "IOM"]

1. e4 e6 2. d3 d5 3. Nd2 Nf6 4. Ngf3 Bc5 5. e5 Nfd7 6. c3 Bb6 7. d4 c5 8. Be2
Nc6 9. Nb3 cxd4 10. cxd4 O-O 11. O-O f6 12. exf6 Qxf6 13. Bg5 Qf7 14. Bh4 Nf6
15. Bg3 Ne4 16. Ne5 Qe8 17. Nxc6 Nxg3 18. hxg3 bxc6 19. Rc1 Rb8 20. Qd2 Rf6 21.
Nc5 e5 22. dxe5 Qxe5 23. b4 Bf5 24. Bf3 Rd6 25. Rfe1 Qf6 26. a3 Rf8 27. Rcd1
Bxc5 28. bxc5 Rd7 29. Qd4 Rb7 30. g4 Qxd4 31. Rxd4 Bg6 32. Re6 1/2-1/2

[Event "Monarch Assurance Isle of Man 16th"]
[Site "Port Erin"]
[Date "2007.09.30"]
[Round "9.36"]
[White "Majer, Chris E"]
[Black "Wright, William"]
[Result "0-1"]
[WhiteElo "2041"]
[BlackElo "2186"]
[PlyCount "134"]
[EventDate "2007.09.22"]
[EventType "swiss"]
[EventRounds "9"]
[EventCountry "IOM"]

1. e4 e6 2. d4 d5 3. e5 c5 4. c3 Nc6 5. Nf3 Bd7 6. Bd3 cxd4 7. cxd4 Qb6 8. O-O
Nxd4 9. Nbd2 Nxf3+ 10. Nxf3 Bb5 11. Be3 Qa6 12. Bxb5+ Qxb5 13. Nd4 Qd7 14. Rc1
Ne7 15. Qg4 Ng6 16. f4 b6 17. b4 h5 18. Qg3 Bxb4 19. f5 exf5 20. e6 Qd6 21.
exf7+ Kxf7 22. Rxf5+ Kg8 23. Qg5 Ne7 24. Rf3 Qg6 25. Qh4 Qg4 26. Qf2 Bd6 27.
Bf4 Bxf4 28. Rxf4 Qd7 29. Rf1 Ng6 30. Rf7 Qe8 31. Nf5 Rh7 32. Qd4 Qxf7 33. Nh6+
gxh6 34. Rxf7 Rxf7 35. Qxd5 Raf8 36. h3 h4 37. Kh2 Kh7 38. Qe4 Rf2 39. Qd5 R8f5
40. Qd7+ Rf7 41. Qd5 Rg7 42. a4 Rf4 43. a5 bxa5 44. Qxa5 Rf6 45. Qc3 Rf5 46.
Qd3 Rg5 47. Kh1 Kh8 48. Qd8+ Rg8 49. Qd4+ Rg7 50. Qd8+ Kh7 51. Qd3 a5 52. Qe4
Rd7 53. Qc2 Re5 54. Qa4 Rf7 55. Qc2 Kg7 56. Qc3 a4 57. Qd4 Rf4 58. Qa7+ Re7 59.
Qc5 Rfe4 60. Kh2 Nf4 61. Qc3+ Kh7 62. Qa3 Rg7 63. Qc1 Rxg2+ 64. Kh1 Rge2 65.
Qc7+ Re7 66. Qc1 Re1+ 67. Kh2 R7e2# 0-1

[Event "Monarch Assurance Isle of Man 16th"]
[Site "Port Erin"]
[Date "2007.09.30"]
[Round "9.38"]
[White "Grant, Alan"]
[Black "Cafolla, Peter"]
[Result "1-0"]
[WhiteElo "2223"]
[BlackElo "2034"]
[PlyCount "85"]
[EventDate "2007.09.22"]
[EventType "swiss"]
[EventRounds "9"]
[EventCountry "IOM"]

1. c4 d6 2. Nc3 e5 3. g3 Be6 4. Nf3 c6 5. d4 exd4 6. Qxd4 Nf6 7. Bg2 Be7 8. O-O
O-O 9. b3 h6 10. Bb2 Nbd7 11. Rad1 Qa5 12. h3 Ne5 13. Ne1 Rfd8 14. e4 Ned7 15.
Qd2 Qc7 16. Nc2 Nb6 17. Ne3 a5 18. f4 a4 19. g4 d5 20. cxd5 cxd5 21. Nexd5
Nbxd5 22. Nxd5 Nxd5 23. exd5 axb3 24. axb3 Ra2 25. Qc1 Qxc1 26. Bxc1 Bc5+ 27.
Kh1 Bd7 28. Rd2 Rda8 29. Rfd1 Ra1 30. Bb2 Rxd1+ 31. Rxd1 Ra2 32. Bd4 Bd6 33.
Be5 Bc5 34. Ra1 Rf2 35. Ra8+ Kh7 36. Be4+ f5 37. gxf5 Re2 38. f6+ Rxe4 39. fxg7
Re1+ 40. Kh2 Re2+ 41. Kg3 Re3+ 42. Kg2 Re2+ 43. Kf1 1-0

[Event "Monarch Assurance Isle of Man 16th"]
[Site "Port Erin"]
[Date "2007.09.30"]
[Round "9.39"]
[White "Weeks, Manuel"]
[Black "Yeo, Michael J"]
[Result "1-0"]
[WhiteElo "2200"]
[BlackElo "2153"]
[PlyCount "63"]
[EventDate "2007.09.22"]
[EventType "swiss"]
[EventRounds "9"]
[EventCountry "IOM"]

1. e4 e5 2. Nf3 Nc6 3. Bb5 a6 4. Ba4 d6 5. Bxc6+ bxc6 6. d4 f6 7. Nh4 Be6 8.
O-O Be7 9. Nf5 g6 10. Ng7+ Kf7 11. Nxe6 Kxe6 12. f4 Kf7 13. Nc3 exf4 14. Bxf4
Kg7 15. Qd2 h5 16. Rae1 Nh6 17. Qe2 Nf7 18. Qc4 g5 19. Bc1 Qd7 20. b3 c5 21.
dxc5 Ne5 22. Qe2 dxc5 23. Nd5 Raf8 24. Bb2 Bd6 25. Rf5 Qe6 26. Ref1 Rh6 27. h3
c6 28. Ne3 Re8 29. R5f2 Ng4 30. Nf5+ Kh7 31. hxg4 Bf4 32. Nxh6 1-0

[Event "Monarch Assurance Isle of Man 16th"]
[Site "Port Erin"]
[Date "2007.09.30"]
[Round "9.40"]
[White "Jackson, Oliver A"]
[Black "Marks, Ian A"]
[Result "1-0"]
[WhiteElo "2198"]
[BlackElo "1914"]
[PlyCount "103"]
[EventDate "2007.09.22"]
[EventType "swiss"]
[EventRounds "9"]
[EventCountry "IOM"]

1. e4 c5 2. Nc3 Nc6 3. f4 g6 4. Nf3 Bg7 5. Bb5 Nd4 6. O-O Nxb5 7. Nxb5 d5 8. e5
a6 9. Nc3 d4 10. Ne4 Qd5 11. d3 Nh6 12. Qe1 O-O 13. Bd2 Bg4 14. Qg3 f6 15. h3
Bxf3 16. Qxf3 Rad8 17. exf6 exf6 18. b3 f5 19. Ng5 Qxf3 20. Nxf3 Rfe8 21. Ba5
Rd6 22. Rae1 Rde6 23. Bb6 Rxe1 24. Rxe1 Rxe1+ 25. Nxe1 Bf8 {(=)} 26. b4 cxb4
27. Bxd4 Bd6 28. Be5 Bc5+ 29. d4 Be7 30. Nd3 Nf7 31. Kf2 Kf8 32. Ke3 Ke8 33.
Bc7 Kd7 34. Ba5 Kc6 35. Bxb4 Bxb4 36. Nxb4+ Kb5 37. Nd3 Nd6 38. Ne5 Kb4 39. Kd3
b5 40. c3+ Ka3 41. c4 Ne4 42. c5 Kxa2 43. c6 Nd6 44. c7 b4 45. Nc4 Nc8 46. d5
b3 47. Kd4 a5 48. Kc5 a4 49. d6 a3 50. d7 b2 51. Nxa3 Kxa3 52. dxc8=Q 1-0

[Event "Monarch Assurance Isle of Man 16th"]
[Site "Port Erin"]
[Date "2007.09.30"]
[Round "9.41"]
[White "Waters, Michael"]
[Black "Almond, Richard J"]
[Result "1/2-1/2"]
[WhiteElo "2096"]
[BlackElo "2101"]
[PlyCount "69"]
[EventDate "2007.09.22"]
[EventType "swiss"]
[EventRounds "9"]
[EventCountry "IOM"]

1. e4 d5 2. Nc3 c6 3. Nf3 dxe4 4. Nxe4 Bg4 5. h3 Bxf3 6. Qxf3 e6 7. c3 Nd7 8.
d4 Ngf6 9. Bd3 Nxe4 10. Bxe4 Nb6 11. Bc2 Qd5 12. Qxd5 Nxd5 13. a3 Bd6 14. c4
Nf6 15. O-O O-O 16. Re1 b5 17. b3 a5 18. Bd2 a4 19. bxa4 bxc4 20. Rec1 c5 21.
dxc5 Bxc5 22. Bb4 Rfc8 23. Rab1 Nd5 24. Kf1 Bd4 25. a5 Bf6 26. Ba4 Bd8 27. Bd7
Rcb8 28. Bc6 Ra6 29. Rxc4 Bxa5 30. Bb7 Rb6 31. Rbc1 Bxb4 32. axb4 g6 33. Rc8+
Rxc8 34. Rxc8+ Kg7 35. Bxd5 1/2-1/2

[Event "Monarch Assurance Isle of Man 16th"]
[Site "Port Erin"]
[Date "2007.09.30"]
[Round "9.42"]
[White "Troyke, Doreen"]
[Black "Fraser-Mitchell, Jeremy"]
[Result "1/2-1/2"]
[WhiteElo "2151"]
[BlackElo "2097"]
[PlyCount "24"]
[EventDate "2007.09.22"]
[EventType "swiss"]
[EventRounds "9"]
[EventCountry "IOM"]

1. c4 e5 2. g3 Nc6 3. Bg2 g6 4. Nc3 Bg7 5. e3 d6 6. Nge2 h5 7. h4 Bg4 8. d3 Nf6
9. Rb1 O-O 10. O-O Qd7 11. Kh2 Rae8 12. b3 Be6 1/2-1/2

[Event "Monarch Assurance Isle of Man 16th"]
[Site "Port Erin"]
[Date "2007.09.30"]
[Round "9.43"]
[White "Johnson, Paul A"]
[Black "Nicholson, John"]
[Result "1/2-1/2"]
[WhiteElo "1820"]
[BlackElo "1910"]
[PlyCount "58"]
[EventDate "2007.09.22"]
[EventType "swiss"]
[EventRounds "9"]
[EventCountry "IOM"]

1. d4 d5 2. Nf3 Nf6 3. e3 g6 4. c4 c6 5. Nc3 Bg7 6. Bd3 O-O {(=)} 7. Ne5 e6 8.
f4 Nfd7 9. O-O f6 10. Nxg6 hxg6 11. Bxg6 f5 12. Qh5 Nf6 13. Qh4 Bd7 14. Rf3 Be8
15. Bxe8 Qxe8 16. Rh3 Kf7 17. b3 Rh8 18. Qg3 Nbd7 19. Ba3 Rxh3 20. Qxh3 Qh8 21.
Qg3 Qh5 22. Rf1 Rg8 23. Qe1 Bf8 24. Bxf8 Nxf8 25. Kh1 Ng6 26. Rf3 Qh4 27. Qd2
Ng4 28. h3 Nf6 29. Ne2 b6 1/2-1/2